000
00282nam a2200085Ia 4500
008
160329s9999 xx 000 0 und d
245
_a
mediabistro.com: jobs, classes, community and news for media professionals
650
_a
Mass Communication.
856
_u
https://www.mediabistro.com/
999
_c
292917
_d
292917